Central Library OPAC University of Rajshahi

Jesus in the Qur'an / (Record no. 45644)

MARC details
000 -LEADER
fixed length control field 00616nam a2200217 a 4500
001 - CONTROL NUMBER
control field 45644
003 - CONTROL NUMBER IDENTIFIER
rucl marc code BD-RjUL
005 - DATE AND TIME OF LATEST TRANSACTION
control field 20211209054040.0
008 - FIXED-LENGTH DATA ELEMENTS--GENERAL INFORMATION
fixed length control field 160727s1965 enk 001 0 eng d
035 ## - SYSTEM CONTROL NUMBER
System control number (BD-RjUL)45762
040 ## - CATALOGING SOURCE
Original cataloging agency OTC
Transcribing agency OTC
Modifying agency UKM
-- BD-RjUL
Language of cataloging eng
041 ## - LANGUAGE CODE
Language code of text/sound track or separate title eng
082 ## - DEWEY DECIMAL CLASSIFICATION NUMBER
Edition number 23
Classification number 297.2465
Author mark and year PAJ 1965
100 1# - MAIN ENTRY--PERSONAL NAME
Personal name Parrinder, Geoffrey.
9 (RLIN) 125523
245 10 - TITLE STATEMENT
Title Jesus in the Qur'an /
Statement of responsibility, etc. Geoffrey Parrinder.
260 ## - PUBLICATION, DISTRIBUTION, ETC. (IMPRINT)
Place of publication, distribution, etc. London :
Name of publisher, distributor, etc. Faber and Faber,
Date of publication, distribution, etc. c1965
300 ## - PHYSICAL DESCRIPTION
Pagination 187 p. ;
Size 23 cm.
500 ## - GENERAL NOTE
General note Includes index.
600 00 - SUBJECT ADDED ENTRY--PERSONAL NAME
Personal name Jesus Christ
General subdivision Islamic interpretations.
942 ## - ADDED ENTRY ELEMENTS (KOHA)
Source of classification or shelving scheme Dewey Decimal Classification
Koha item type Books
Holdings
Lost status Source of classification or shelving scheme Damaged status Not for loan Collection code Permanent Location Current Location Shelving location Date acquired Source of acquisition Cost, normal purchase price Total Checkouts Full call number Date last seen Date checked out Copy number Koha item type
  Dewey Decimal Classification     Non-fiction Central Library, University of Rajshahi Central Library, University of Rajshahi   28/07/1971 Zeitlinger 32.60 1 297.2465 PAJ 1965 29/11/2022 17/11/2022 C-2 Books